Manažment zásob podniku Tripark, s. r. o bakalárska práca

Saved in:
Bibliographic Details
Main Author: Falis, Matúš
Corporate Author: Podnikovohospodárska fakulta EU so sídlom v Košiciach. Katedra účtovníctva a financií
Other Authors: Freňáková, Magdaléna, 1981-
Format: Book
Language:Slovak
Published: Košice 2012
Tags: Add Tag
No Tags, Be the first to tag this record!

MARC

LEADER 00000nbm a2200000 4500
001 0155527
005 20161109111857.9
041 0 |a slo 
044 |a SK 
245 1 0 |a Manažment zásob podniku Tripark, s. r. o  |b bakalárska práca  |c Matúš Falis ; školiteľ: Magdaléna Freňáková 
264 1 |a Košice  |c 2012 
300 |a 63 s. 
100 1 |a Falis, Matúš 
700 1 |a Freňáková, Magdaléna, 1981- 
710 2 |a Podnikovohospodárska fakulta EU so sídlom v Košiciach. Katedra účtovníctva a financií